The Best Australian Trivia Quiz - Statistics

General Stats
  • This quiz has been taken 225 times
    210 since last reset
  • The average score is 14 of 24
Answer Stats
Hint Answer % Correct
Capital city Canberra
97%
State capital of New south Wales Sydney
94%
State capital of Queensland Brisbane
93%
What do we eat on toast Vegemite
92%
National animal #2 Emu
91%
National animal #1 Kangaroo
91%
Arvo stands for.. Afternoon
89%
Ambo stands for... Ambulance
76%
Biscuit named after troops from Australia and New Zealand ANZAC Biscuit
75%
National colours Green and gold
74%
Most Famous building Sydney Opera house
74%
Infamous bush ranger Ned Kelly
70%
Aussie celebrity married to Keith Urban Nicole Kidman
69%
Race that stops the nation Melbourne Cup
60%
I like ______ Jelly Aeroplane
58%
Biggest monolith Uluru
55%
Largest lake Lake Eyre
33%
Australian invention for drying washing Hill's Hoist
31%
Australia's tallest mountain Kosciuszko
27%
Name of the Indigenous Peoples from north of Cape York Torres Strait Islanders
27%
Name of the largest desert Great sandy desert
17%
Famous painter with a city of the same first name Sidney Nolan
13%
New comedian Touring and becoming famous Alex Williamson
1%
Australia's wealthiest farming land owner Sidney Kidman
1%
No matching quizzes found
Score Distribution
Percent of People with Each Score
Percentile by Number Answered
Your Score History
You have not taken this quiz since the last reset